00986cam a2200253 a 4500001000500000005001700005020001800022040002700040050002100067082000800088100001900096245010900115250003600224260003400260300004700294505000800341520019900349521002000548521002000568650004900588650004900637650001200686700003400698319420250828112324.0 a9780590474771 aNBelScNBelSdDLCbeng04aQL49.B548b 199500a5911 aBerger, Melvin12aA whale is not a fish and other animal mix-ups /cby Berger, Melvin ; illustrated by Peck, Marshall  aFirst printing , September 1995 aNew York :bScholastic,c1995 a64 pages : bcolor illustrations ;c24 cm. aP  aIs it an alligator or a crocodile? a butterfly or a moth? a donkey or a mule? They might look alike, but they are not. Find out about these and many more animal mix-ups in this fun-to-read book. a650 bLexile  aP bRaz-Plus  0aAnimalsxIdentificationvJuvenile literature 0aAnimalsvClassificationvJuvenile literature 1aAnimals1 aPeck, Marshall eillustrator